Presidentes de México - Quiz con fotos - Estadísticas

Estadísticas generales
  • Esta prueba ha sido intentada 1.691 veces
    1.489 desde el último reinicio
  • La puntuación promedio es 10 de 15
Estadísticas de respuestas
Imagen Hint Respuesta % Correcto
2000 Vicente Fox Quesada
94%
2012 Enrique Peña Nieto
93%
2018 Andrés Manuel López Obrador
89%
2006 Felipe Calderón Hinojosa
83%
1988 Carlos Salinas de Gortari
81%
1934 Lázaro Cárdenas del Río
72%
1982 Miguel de la Madrid Hurtado
69%
1964 Gustavo Díaz Ordaz
67%
1994 Ernesto Zedillo Ponce de León
66%
1946 Miguel Alemán Valdés
55%
1970 Luis Echeverría Álvarez
54%
1976 José López Portillo y Pacheco
50%
1958 Adolfo López Mateos
46%
1940 Manuel Ávila Camacho
45%
1952 Adolfo Ruiz Cortines
43%
No se encontraron pruebas coincidentes
Distribución de puntuación
Porcentaje de gente con cada puntuación
Porcentaje por número respondido
Historial de tus puntuaciones
No has intentado esta prueba desde el último reinicio